[Event "World Rapid Championship"]
[Site "Doha QAT"]
[Date "2016.12.26"]
[Round "4.34"]
[White "Daniil Dubov"]
[Black "Parham Maghsoodloo"]
[Result "1/2-1/2"]
[EventDate "2016.12.26"]
[WhiteElo "2660"]
[BlackElo "2584"]
[PlyCount "164"]

1. d4 Nf6 2. c4 g6 3. Nc3 d5 4. cxd5 Nxd5 5. e4 Nxc3 6. bxc3 Bg7 7. Nf3 c5 8. Bb5+ Nd7 9. O-O O-O 10. Rb1 Qc7 11. Bg5 a6 12. Bxd7 Qxd7 13. d5 b5 14. c4 Bb7 15. Qc1 Rfe8 16. cxb5 axb5 17. Qxc5 e6 18. Rfd1 exd5 19. exd5 Ra5 20. h3 h6 21. Be3 Rea8 22. Rd2 b4 23. Qxb4 Bxd5 24. Rbd1 Qe6 25. Nh2 Qc6 26. Qg4 Bxa2 27. Rd6 Qc2 28. Qf3 Be6 29. Ng4 Bxg4 30. hxg4 Ra1 31. g3 Rxd1+ 32. Rxd1 Re8 33. Rd7 Qc4 34. Kg2 Qe6 35. Rb7 Rc8 36. Rb6 Qc4 37. Rb1 Qc6 38. Rh1 Qxf3+ 39. Kxf3 Rc3 40. Ke4 Rc4+ 41. Kf3 Rc3 42. Ke2 Rc4 43. Kd3 Rc3+ 44. Kd2 Rc4 45. f3 Ra4 46. Kd3 Ra3+ 47. Ke4 Ra4+ 48. Kd5 Ra5+ 49. Kc6 Ra3 50. Re1 Rd3 51. Kc5 Rd8 52. Bf4 g5 53. Be3 Be5 54. f4 Bf6 55. Kc4 Kg7 56. Rb1 Rc8+ 57. Kd5 Re8 58. Rb3 Re6 59. Bc5 Re1 60. Rb8 Re2 61. Bf8+ Kh7 62. Rb7 Re8 63. Bc5 Kg7 64. Rb3 Kg6 65. Bd6 Kg7 66. Kc6 Rc8+ 67. Kd7 Rd8+ 68. Kc7 Re8 69. Kd7 Rd8+ 70. Kc6 Re8 71. Rb7 Rc8+ 72. Kd5 Re8 73. f5 Kg8 74. Kc6 Kg7 75. Rb8 Rxb8 76. Bxb8 Bc3 77. Kd5 Kg8 78. Bd6 Be1 79. Kc6 Bf2 80. Kd7 Be1 81. Ke8 Bf2 82. Bf8 h5 1/2-1/2

[Event "World Rapid Championship"]
[Site "Doha QAT"]
[Date "2016.12.26"]
[Round "5.35"]
[White "Daniil Dubov"]
[Black "Simen Agdestein"]
[Result "1-0"]
[EventDate "2016.12.26"]
[WhiteElo "2660"]
[BlackElo "2602"]
[PlyCount "53"]

1. c4 f5 2. Nf3 Nf6 3. g3 e6 4. Bg2 d5 5. O-O Bd6 6. d3 O-O 7. Nc3 Nc6 8. cxd5 exd5 9. Qb3 Na5 10. Qb5 c5 11. Qa4 Bd7 12. Qc2 d4 13. Na4 Rc8 14. b3 b5 15. Nb2 Nc6 16. Bd2 Kh8 17. a4 a6 18. axb5 axb5 19. Ra6 Nd5 20. Qc1 Be6 21. Ng5 Bg8 22. Nh3 Ncb4 23. Ra1 Re8 24. e4 dxe3 25. fxe3 Be5 26. Rxf5 Bxb2 27. Qxb2 1-0

[Event "Nutcracker Classical"]
[Site "Moscow RUS"]
[Date "2016.12.20"]
[Round "4.1"]
[White "Daniil Dubov"]
[Black "Alexander Morozevich"]
[Result "1/2-1/2"]
[EventDate "2016.12.17"]
[WhiteElo "2660"]
[BlackElo "2676"]
[PlyCount "56"]

1. d4 d6 2. Nf3 g6 3. g3 Bg7 4. Bg2 e5 5. Nc3 Nd7 6. O-O Ngf6 7. dxe5 dxe5 8. Nd2 O-O 9. b3 Re8 10. Ba3 Bf8 11. Bb2 c6 12. Nde4 Nxe4 13. Nxe4 Qe7 14. a4 f5 15. Ba3 Qe6 16. Nd6 Rd8 17. Nc4 Bxa3 18. Rxa3 Qe7 19. Qa1 e4 20. Rd1 Nb6 21. Rxd8+ Qxd8 22. Ne3 Be6 23. Qe5 Kf7 24. Ra1 Qf6 25. Qc7+ Qe7 26. Qe5 Qf6 27. Qc7+ Qe7 28. Qe5 Qf6 1/2-1/2

[Event "Nutcracker Classical"]
[Site "Moscow RUS"]
[Date "2016.12.19"]
[Round "3.3"]
[White "Alexey Dreev"]
[Black "Daniil Dubov"]
[Result "1/2-1/2"]
[EventDate "2016.12.17"]
[WhiteElo "2652"]
[BlackElo "2660"]
[PlyCount "59"]

1. d4 Nf6 2. Nf3 g6 3. g3 b6 4. Bg2 Bb7 5. c4 Bg7 6. Qc2 O-O 7. Nc3 d5 8. Ne5 c5 9. Be3 cxd4 10. Bxd4 Qc8 11. cxd5 Nxd5 12. O-O Nxc3 13. Qxc3 Bxg2 14. Kxg2 Qxc3 15. Bxc3 Rc8 16. Rfd1 Nc6 17. Nxc6 Rxc6 18. Bxg7 Kxg7 19. Rac1 Rac8 20. Rxc6 Rxc6 21. Rd7 Rc2 22. Rxe7 Rxb2 23. Rxa7 Rxe2 24. Rb7 Rxa2 25. Rxb6 h5 26. h4 Kg8 27. Rb8+ Kg7 28. Rb6 Kg8 29. Rb8+ Kg7 30. Rb6 1/2-1/2

[Event "Nutcracker Classical"]
[Site "Moscow RUS"]
[Date "2016.12.18"]
[Round "2.2"]
[White "Boris Gelfand"]
[Black "Daniil Dubov"]
[Result "1/2-1/2"]
[EventDate "2016.12.17"]
[WhiteElo "2725"]
[BlackElo "2660"]
[PlyCount "83"]

1. d4 Nf6 2. c4 e6 3. Nc3 Bb4 4. e3 O-O 5. Bd3 Nc6 6. Nf3 d6 7. O-O Bxc3 8. bxc3 e5 9. Nd2 Re8 10. Qc2 Qe7 11. f3 d5 12. cxd5 Nxd5 13. Nb3 exd4 14. exd4 h6 15. Kh1 b6 16. Bh7+ Kh8 17. Be4 Qd7 18. c4 Nf6 19. Bb2 Ba6 20. Rae1 Rad8 21. Qc3 Nxe4 22. fxe4 f6 23. e5 fxe5 24. d5 Nd4 25. Nxd4 exd4 26. Qxd4 Kg8 27. h3 Bc8 28. Kg1 Re7 29. Rxe7 Qxe7 30. Rf3 Rf8 31. Rg3 Rf7 32. Re3 Qd8 33. Rg3 Qe7 34. Re3 Qd8 35. Rf3 Qe7 36. Rxf7 Qxf7 37. Qe5 Ba6 38. Qe4 Bb7 39. Qe5 Ba6 40. Qe4 Bb7 41. Qd4 Qf6 42. Qxf6 1/2-1/2

[Event "Nutcracker Classical"]
[Site "Moscow RUS"]
[Date "2016.12.17"]
[Round "1.4"]
[White "Daniil Dubov"]
[Black "Alexey Shirov"]
[Result "1/2-1/2"]
[EventDate "2016.12.17"]
[WhiteElo "2660"]
[BlackElo "2673"]
[PlyCount "98"]

1. e4 e5 2. Nf3 Nc6 3. Bc4 Bc5 4. c3 Nf6 5. d3 O-O 6. b4 Be7 7. Nbd2 d5 8. Bb3 Bg4 9. h3 Bxf3 10. Qxf3 d4 11. b5 dxc3 12. bxc6 cxd2+ 13. Bxd2 bxc6 14. O-O Bc5 15. Bg5 Bd4 16. Rac1 c5 17. Kh1 Qd6 18. Qg3 Nh5 19. Qf3 Nf4 20. g3 Nxh3 21. Bd2 Qg6 22. Kg2 Nf4+ 23. Bxf4 exf4 24. Qxf4 Qd6 25. Qg4 g6 26. Rh1 Bg7 27. Qg5 Qxd3 28. Bd5 c6 29. Bxc6 Rab8 30. Rhd1 Qa6 31. Qxc5 Qxa2 32. Bd5 Qa6 33. Qe7 Rb2 34. Rb1 Qb6 35. Rxb2 Qxb2 36. Rd3 Kh8 37. Bxf7 Qf6 38. Rd7 Qxe7 39. Rxe7 Bd4 40. f4 Rc8 41. e5 Rc2+ 42. Kf3 Rc3+ 43. Kg4 Bb6 44. Rd7 Rc7 45. Rd8+ Kg7 46. Bd5 Rc3 47. Rd7+ Kh6 48. e6 Re3 49. Kh4 Ba5 1/2-1/2

[Event "Rapid GP Russia Final"]
[Site "Khanty-Mansiysk RUS"]
[Date "2016.12.03"]
[Round "11.5"]
[White "Daniil Dubov"]
[Black "Pavel Smirnov"]
[Result "1/2-1/2"]
[EventDate "2016.12.01"]
[WhiteElo "2660"]
[BlackElo "2595"]
[PlyCount "95"]

1. d4 d5 2. c4 e6 3. Nf3 Nf6 4. Qc2 c6 5. Nbd2 Nbd7 6. g3 Bd6 7. Bg2 O-O 8. O-O Re8 9. Rd1 Qe7 10. e4 Nxe4 11. Nxe4 dxe4 12. Qxe4 e5 13. Bg5 Qf8 14. dxe5 Nxe5 15. Nxe5 Rxe5 16. Qd4 Rxg5 17. Qxd6 Qxd6 18. Rxd6 Be6 19. Rc1 Rc5 20. b3 Kf8 21. f4 a5 22. a4 Ke7 23. Rcd1 Ra6 24. R6d3 b5 25. cxb5 cxb5 26. Bd5 bxa4 27. bxa4 Rd6 28. Bxe6 Rxd3 29. Rxd3 Kxe6 30. Rd4 Rc2 31. g4 Ra2 32. h3 g6 33. Re4+ Kf6 34. Rc4 Kg7 35. g5 h5 36. h4 Rb2 37. Rc5 Rb4 38. f5 Rg4+ 39. Kf2 Rf4+ 40. Ke3 Rxf5 41. Rxf5 gxf5 42. Kf4 Kg6 43. Ke5 f4 44. Kxf4 f6 45. gxf6 Kxf6 46. Ke4 Ke6 47. Kf4 Kf6 48. Ke4 1/2-1/2

[Event "Rapid GP Russia Final"]
[Site "Khanty-Mansiysk RUS"]
[Date "2016.12.03"]
[Round "12.5"]
[White "Sergei Vladimirovich Rublevsky"]
[Black "Daniil Dubov"]
[Result "0-1"]
[EventDate "2016.12.01"]
[WhiteElo "2681"]
[BlackElo "2660"]
[PlyCount "54"]

1. e4 c5 2. Nf3 d6 3. d4 cxd4 4. Nxd4 Nf6 5. Nc3 Nc6 6. Bc4 e6 7. Be3 a6 8. Bb3 Be7 9. f4 Qc7 10. O-O Na5 11. g4 h5 12. g5 Ng4 13. Bc1 b5 14. h3 b4 15. Na4 Bb7 16. hxg4 Nxb3 17. cxb3 hxg4 18. Qe2 Rh3 19. Bd2 Kd7 20. Rac1 Qa5 21. Kg2 Rah8 22. Rh1 f5 23. gxf6 Qh5 24. Qc4 Rh2+ 25. Rxh2 Qxh2+ 26. Kf1 Qh1+ 27. Ke2 Rh2+ 0-1

[Event "Rapid GP Russia Final"]
[Site "Khanty-Mansiysk RUS"]
[Date "2016.12.03"]
[Round "13.4"]
[White "Daniil Dubov"]
[Black "Dmitry Jakovenko"]
[Result "1/2-1/2"]
[EventDate "2016.12.01"]
[WhiteElo "2660"]
[BlackElo "2704"]
[PlyCount "40"]

1. e4 e5 2. Nf3 Nc6 3. Bc4 Bc5 4. c3 Nf6 5. d3 O-O 6. b4 Be7 7. Nbd2 d5 8. Bb3 a6 9. O-O Be6 10. a4 h6 11. Bb2 Bd6 12. Re1 dxe4 13. dxe4 Qe7 14. Qc2 a5 15. b5 Nb8 16. Nc4 Nbd7 17. Nh4 g6 18. Nxd6 cxd6 19. Bxe6 Qxe6 20. Ba3 Nc5 1/2-1/2

[Event "Rapid GP Russia Final"]
[Site "Khanty-Mansiysk RUS"]
[Date "2016.12.03"]
[Round "14.6"]
[White "Pavel Maletin"]
[Black "Daniil Dubov"]
[Result "1/2-1/2"]
[EventDate "2016.12.01"]
[WhiteElo "2572"]
[BlackElo "2660"]
[PlyCount "66"]

1. Nf3 Nf6 2. c4 c6 3. Nc3 d5 4. d4 dxc4 5. a4 Bf5 6. Ne5 Nbd7 7. Nxc4 Nb6 8. Ne5 a5 9. g3 Nfd7 10. Nxd7 Nxd7 11. Bg2 e5 12. d5 Bc5 13. O-O O-O 14. dxc6 bxc6 15. Bxc6 Rb8 16. Be4 Be6 17. Bd5 Bf5 18. Be4 Be6 19. Qc2 Bb3 20. Qd3 Nf6 21. Bg5 h6 22. Qxd8 Rfxd8 23. Bxf6 gxf6 24. Bd3 Be6 25. Bb5 f5 26. Rac1 Bb4 27. e4 Rd2 28. exf5 Bxf5 29. Rfd1 Rbd8 30. Rxd2 Rxd2 31. Nd1 Be6 32. Ne3 Rxb2 33. Nc4 Bxc4 1/2-1/2

[Event "Rapid GP Russia Final"]
[Site "Khanty-Mansiysk RUS"]
[Date "2016.12.03"]
[Round "15.3"]
[White "Daniil Dubov"]
[Black "Igor Lysyj"]
[Result "1/2-1/2"]
[EventDate "2016.12.01"]
[WhiteElo "2660"]
[BlackElo "2643"]
[PlyCount "24"]

1. d4 Nf6 2. c4 e6 3. g3 d5 4. Bg2 Be7 5. Nf3 O-O 6. O-O dxc4 7. Qa4 a6 8. Qxc4 b5 9. Qc2 Bb7 10. Bd2 Be4 11. Qc1 Bb7 12. Qc2 Be4 1/2-1/2

[Event "Rapid GP Russia Final"]
[Site "Khanty-Mansiysk RUS"]
[Date "2016.12.02"]
[Round "6.2"]
[White "Alexander Riazantsev"]
[Black "Daniil Dubov"]
[Result "1/2-1/2"]
[EventDate "2016.12.01"]
[WhiteElo "2671"]
[BlackElo "2660"]
[PlyCount "179"]

1. d4 e6 2. c4 c5 3. d5 exd5 4. cxd5 d6 5. Nc3 g6 6. Nf3 Bg7 7. Bf4 Nf6 8. h3 O-O 9. e3 Na6 10. Be2 Nc7 11. O-O Re8 12. Bh2 b6 13. Nd2 Bb7 14. e4 b5 15. Nxb5 Nxe4 16. Nxe4 Nxb5 17. Nxc5 dxc5 18. Bxb5 Re4 19. Bc6 Qb6 20. Bxb7 Qxb7 21. d6 Rd8 22. Rc1 Rd4 23. Qc2 Bf8 24. Qxc5 Bxd6 25. Bxd6 R4xd6 26. b3 Rd5 27. Qc6 Qxc6 28. Rxc6 Rd2 29. Ra6 R8d7 30. Re1 Rb2 31. Rf1 h5 32. h4 Kg7 33. g3 Rc7 34. Kg2 Rd7 35. Kf3 Re7 36. Ra4 Rc2 37. Kg2 Rb2 38. b4 Rd7 39. a3 Ra2 40. Ra6 Rb2 41. Ra5 Ra2 42. b5 Rc7 43. a4 Rd7 44. Ra6 Re7 45. Kf3 Ra3+ 46. Kg2 Ra2 47. Ra5 Rc7 48. Kh3 Rb2 49. Ra6 Ra2 50. f3 Rcc2 51. Rh1 Rc7 52. Rh2 Ra3 53. Rf2 Rd7 54. Kg2 Rc7 55. Rb2 Rd7 56. Re2 Rc7 57. Rf2 Rd7 58. Rc2 Re7 59. Rd2 Rc7 60. Rc6 Rxc6 61. bxc6 Rc3 62. Rd6 Rc2+ 63. Kf1 a5 64. Ke1 Kf8 65. Kd1 Rc4 66. Rd5 Rxc6 67. Rxa5 Rc3 68. Ke2 Ra3 69. Ra7 Kg7 70. a5 Kf6 71. a6 Ke6 72. Ra8 Kf5 73. Ra7 Kf6 74. Kf2 Ke5 75. Ra8 Kf5 76. Ke2 Ra2+ 77. Ke3 Ra3+ 78. Kd4 Rxf3 79. Rf8 Ra3 80. Rxf7+ Kg4 81. Rf6 Kxg3 82. Rxg6+ Kxh4 83. Kc5 Kh3 84. Kb6 h4 85. a7 Kh2 86. Kb7 Rxa7+ 87. Kxa7 h3 88. Kb6 Kh1 89. Kc5 h2 90. Kd4 1/2-1/2

[Event "Rapid GP Russia Final"]
[Site "Khanty-Mansiysk RUS"]
[Date "2016.12.02"]
[Round "7.7"]
[White "Daniil Dubov"]
[Black "Alexey Dreev"]
[Result "1-0"]
[EventDate "2016.12.01"]
[WhiteElo "2660"]
[BlackElo "2652"]
[PlyCount "71"]

1. Nf3 d5 2. g3 c6 3. Bg2 Bg4 4. h3 Bh5 5. O-O e6 6. c4 Nf6 7. cxd5 Bxf3 8. Bxf3 cxd5 9. a3 Be7 10. Bg2 O-O 11. d3 Nc6 12. Nd2 Qb6 13. Nb3 Rfc8 14. Be3 Qb5 15. Rc1 Nd7 16. Re1 Bf6 17. Rb1 a5 18. Bd2 a4 19. Na1 Nc5 20. b4 axb3 21. Nxb3 Na4 22. Nd4 Qc5 23. Nxc6 bxc6 24. Rb4 Qa7 25. Qc2 Be7 26. Rb3 Qc5 27. Qb1 Qd6 28. Rc1 h6 29. d4 c5 30. e4 c4 31. Rb7 c3 32. Bf4 Qd8 33. exd5 exd5 34. Qf5 Rc6 35. Qxd5 Rf6 36. Rxe7 1-0

[Event "Rapid GP Russia Final"]
[Site "Khanty-Mansiysk RUS"]
[Date "2016.12.02"]
[Round "8.3"]
[White "Dmitry Bocharov"]
[Black "Daniil Dubov"]
[Result "1/2-1/2"]
[EventDate "2016.12.01"]
[WhiteElo "2581"]
[BlackElo "2660"]
[PlyCount "28"]

1. Nf3 Nf6 2. c4 c6 3. e3 d5 4. d4 Bf5 5. Nc3 e6 6. Nh4 Bg6 7. Nxg6 hxg6 8. Qb3 Qb6 9. Bd2 Nbd7 10. g3 Be7 11. Bg2 Qa6 12. Bf1 Qb6 13. Bg2 Qa6 14. Bf1 Qb6 1/2-1/2

[Event "Rapid GP Russia Final"]
[Site "Khanty-Mansiysk RUS"]
[Date "2016.12.02"]
[Round "9.6"]
[White "Daniil Dubov"]
[Black "Aleksandra Maltsevskaya"]
[Result "1-0"]
[EventDate "2016.12.01"]
[WhiteElo "2660"]
[BlackElo "2251"]
[PlyCount "33"]

1. c4 g6 2. e4 Bg7 3. d4 d6 4. Nc3 Nf6 5. f4 c5 6. d5 O-O 7. Nf3 e6 8. dxe6 Bxe6 9. Bd3 Nc6 10. f5 Bd7 11. O-O Ng4 12. Bg5 Qb6 13. Nd5 Qxb2 14. f6 Bh8 15. Rb1 Qa3 16. h3 h6 17. Bc1 1-0

[Event "Rapid GP Russia Final"]
[Site "Khanty-Mansiysk RUS"]
[Date "2016.12.02"]
[Round "10.4"]
[White "Sergei Yudin"]
[Black "Daniil Dubov"]
[Result "1/2-1/2"]
[EventDate "2016.12.01"]
[WhiteElo "2524"]
[BlackElo "2660"]
[PlyCount "25"]

1. e4 c5 2. Nf3 Nc6 3. Bb5 g6 4. O-O Bg7 5. Nc3 d6 6. e5 dxe5 7. Bxc6+ bxc6 8. Re1 Qc7 9. d3 Nh6 10. Bxh6 Bxh6 11. Nxe5 O-O 12. Qf3 Bg7 13. Qg3 1/2-1/2

[Event "European Club Cup"]
[Site "Novi Sad SRB"]
[Date "2016.11.12"]
[Round "7.1"]
[White "Daniil Dubov"]
[Black "Dmitry Andreikin"]
[Result "1/2-1/2"]
[EventDate "2016.11.06"]
[WhiteElo "2648"]
[BlackElo "2736"]
[PlyCount "59"]

1. d4 Nf6 2. c4 e6 3. Nf3 d5 4. g3 Bb4+ 5. Bd2 Be7 6. Bg2 O-O 7. O-O Nbd7 8. a4 a5 9. Qc2 c6 10. Bf4 Nh5 11. Bc1 f5 12. Ne5 Bd6 13. Nd3 Qe7 14. b3 Nhf6 15. Ba3 Ne4 16. Bxd6 Qxd6 17. Nd2 Nxd2 18. Qxd2 dxc4 19. Nb2 cxb3 20. Qe3 Nb6 21. Rfd1 Qb4 22. Nd3 Nc4 23. Qf4 Qb6 24. Qc1 Qxd4 25. Rb1 Ne5 26. Nc5 Qc4 27. Qa3 Qb4 28. Qc1 Qc4 29. Qa3 Qb4 30. Qc1 1/2-1/2

[Event "European Club Cup"]
[Site "Novi Sad SRB"]
[Date "2016.11.11"]
[Round "6.4"]
[White "Daniil Dubov"]
[Black "Grigoriy Oparin"]
[Result "1-0"]
[EventDate "2016.11.06"]
[WhiteElo "2648"]
[BlackElo "2621"]
[PlyCount "81"]

1. d4 Nf6 2. c4 e6 3. g3 d5 4. Bg2 Bb4+ 5. Bd2 Be7 6. Nf3 O-O 7. O-O c6 8. Bf4 dxc4 9. Ne5 Nd5 10. Nxc4 Nxf4 11. gxf4 Nd7 12. Nbd2 Nf6 13. e3 Bd7 14. Rc1 Nd5 15. Qb3 Qc7 16. Ne5 Rfd8 17. Ne4 Be8 18. Bh3 Bf8 19. Kh1 Qe7 20. Rg1 f6 21. Nf3 Bf7 22. Qc2 Kh8 23. Qe2 Rac8 24. a3 a5 25. Ng3 Qe8 26. f5 exf5 27. Bxf5 Rc7 28. Bb1 g6 29. Qd2 c5 30. e4 Ne7 31. Qf4 Rc6 32. d5 Rb6 33. Rxc5 Nxd5 34. Rxd5 Bxd5 35. exd5 Rxd5 36. Ba2 Rd8 37. Re1 Qc6 38. Re6 Qxe6 39. Bxe6 Rxe6 40. Qc7 Rd1+ 41. Kg2 1-0

[Event "European Club Cup"]
[Site "Novi Sad SRB"]
[Date "2016.11.10"]
[Round "5.7"]
[White "Jean-Pierre Le Roux"]
[Black "Daniil Dubov"]
[Result "0-1"]
[EventDate "2016.11.06"]
[WhiteElo "2549"]
[BlackElo "2648"]
[PlyCount "82"]

1. e4 c5 2. Nf3 e6 3. b3 d6 4. Bb2 Bd7 5. d4 cxd4 6. Nxd4 Nf6 7. Bd3 Na6 8. O-O Nc5 9. Re1 e5 10. Nf3 b5 11. b4 Na4 12. Bc1 Be7 13. c4 a6 14. Bc2 Nb6 15. cxb5 axb5 16. Bg5 O-O 17. Bb3 Rc8 18. Bxf6 Bxf6 19. Qxd6 Be7 20. Qd2 Nc4 21. Bxc4 Rxc4 22. Nxe5 Bxb4 23. Qxd7 Qxd7 24. Nxd7 Rd8 25. Rf1 Rxd7 26. a4 Ra7 27. Na3 Bxa3 28. Rxa3 Raxa4 29. Rxa4 bxa4 30. f3 a3 31. Ra1 Ra4 32. Ra2 g5 33. Kf2 Kg7 34. Ke3 Kf6 35. g3 Ke5 36. h4 gxh4 37. gxh4 h5 38. f4+ Kd6 39. Kd3 Kc5 40. Rc2+ Kb5 41. Ra2 Kb4 0-1

[Event "European Club Cup"]
[Site "Novi Sad SRB"]
[Date "2016.11.09"]
[Round "4.8"]
[White "Daniil Dubov"]
[Black "Alexander Naumann"]
[Result "1-0"]
[EventDate "2016.11.06"]
[WhiteElo "2648"]
[BlackElo "2561"]
[PlyCount "173"]

1. c4 g6 2. e4 e5 3. d4 Nf6 4. Nf3 exd4 5. e5 Ne4 6. Qxd4 Bb4+ 7. Kd1 f5 8. exf6 Nxf6 9. Qh4 d5 10. Bg5 O-O 11. a3 Be7 12. Nbd2 Be6 13. Bd3 dxc4 14. Bxc4 Bxc4 15. Qxc4+ Qd5 16. Kc2 Nc6 17. Rad1 Rad8 18. Rhe1 Qxc4+ 19. Nxc4 Rxd1 20. Rxd1 Rd8 21. Re1 Nd5 22. Bd2 Bf6 23. Re4 Kf7 24. Ng5+ Bxg5 25. Bxg5 Re8 26. Rxe8 Kxe8 27. Kd3 Kd7 28. Ke4 Ke6 29. g4 Nf6+ 30. Bxf6 Kxf6 31. f4 Ne7 32. Ne5 Nc8 33. Nf3 Nb6 34. Kd4 Nd7 35. Ng5 Nf8 36. b4 Ke7 37. b5 h6 38. Ne4 c6 39. bxc6 bxc6 40. a4 Nd7 41. a5 Nf8 42. Nc5 Kd6 43. h4 Nh7 44. Ne4+ Ke6 45. g5 h5 46. Ng3 Nf8 47. f5+ gxf5 48. Nxh5 c5+ 49. Ke3 Ng6 50. Nf4+ Nxf4 51. Kxf4 c4 52. Ke3 Ke5 53. h5 f4+ 54. Kf3 c3 55. h6 c2 56. h7 c1=Q 57. h8=Q+ Ke6 58. Qf6+ Kd7 59. Qf7+ Kd8 60. Qxf4 Qa3+ 61. Kg4 Qxa5 62. g6 Qa2 63. Kg5 Qg2+ 64. Kh6 Qh3+ 65. Kg7 a5 66. Qd6+ Ke8 67. Qe5+ Kd7 68. Qd5+ Ke7 69. Qxa5 Qh1 70. Qe5+ Kd7 71. Qf5+ Ke7 72. Qf6+ Kd7 73. Kg8 Qg2 74. g7 Qh1 75. Qf5+ Ke7 76. Qe5+ Kd7 77. Qb5+ Ke7 78. Qc5+ Ke8 79. Qd6 Qh3 80. Qe5+ Kd7 81. Qd5+ Ke7 82. Qe4+ Kd7 83. Kf7 Qb3+ 84. Kf6 Qb2+ 85. Kg6 Qa2 86. Qf5+ Kc6 87. Qc8+ 1-0

[Event "European Club Cup"]
[Site "Novi Sad SRB"]
[Date "2016.11.08"]
[Round "3.2"]
[White "Anish Giri"]
[Black "Daniil Dubov"]
[Result "1/2-1/2"]
[EventDate "2016.11.06"]
[WhiteElo "2767"]
[BlackElo "2648"]
[PlyCount "60"]

1. c4 Nf6 2. Nc3 e6 3. e4 c5 4. e5 Ng8 5. Nf3 Nc6 6. d4 cxd4 7. Nxd4 Nxe5 8. Ndb5 a6 9. Nd6+ Bxd6 10. Qxd6 f6 11. Be3 Ne7 12. Bb6 Nf5 13. Qb4 Nc6 14. Qc5 d6 15. Bxd8 dxc5 16. Bb6 e5 17. O-O-O Ncd4 18. Bxc5 Bd7 19. Bd3 Rc8 20. Bxd4 Nxd4 21. f4 Bg4 22. Rde1 Nc6 23. Be4 O-O 24. g3 Rfe8 25. Kb1 exf4 26. gxf4 Bh5 27. Re3 Kf8 28. Rhe1 Bg6 29. b3 Re7 30. Bxg6 hxg6 1/2-1/2

[Event "European Club Cup"]
[Site "Novi Sad SRB"]
[Date "2016.11.07"]
[Round "2.10"]
[White "Erik Blomqvist"]
[Black "Daniil Dubov"]
[Result "1/2-1/2"]
[EventDate "2016.11.06"]
[WhiteElo "2552"]
[BlackElo "2648"]
[PlyCount "120"]

1. e4 e5 2. Nf3 Nc6 3. Nc3 Nf6 4. Bb5 Bb4 5. O-O O-O 6. d3 Re8 7. Bg5 Bxc3 8. bxc3 h6 9. Bh4 d6 10. Re1 Bd7 11. d4 a6 12. dxe5 dxe5 13. Bxf6 Qxf6 14. Qxd7 axb5 15. Qxc7 Qe6 16. Red1 Rxa2 17. Qxb7 Rxc2 18. Qxb5 Rxc3 19. Rac1 Nd4 20. Nxd4 exd4 21. f3 Rec8 22. Ra1 Rc2 23. Qd5 Qg6 24. g3 R8c5 25. Qxd4 Qh5 26. Rd2 Qxf3 27. Rf1 Rxd2 28. Qxd2 Qxe4 29. Re1 Qg6 30. Re2 h5 31. Qe3 Rc4 32. Kg2 h4 33. Qf3 Rg4 34. Kh3 f5 35. Re5 Rg5 36. gxh4 Rh5 37. Re2 Qh6 38. Qf2 Qf6 39. Qg3 Kh7 40. Qf4 g5 41. Qc7+ Kg6 42. Rc2 Rxh4+ 43. Kg2 Rg4+ 44. Kf3 Re4 45. Qc8 Re6 46. Kg2 g4 47. Rf2 Qe5 48. Qg8+ Kh6 49. Qf8+ Kg5 50. Qg8+ Rg6 51. Qd8+ Kh5 52. Qd7 f4 53. Qh7+ Kg5 54. h4+ gxh3+ 55. Qxh3 Kf6+ 56. Kh2 f3+ 57. Kh1 Kg5 58. Rxf3 Rh6 59. Rg3+ Qxg3 60. Qxh6+ Kxh6 1/2-1/2

[Event "European Club Cup"]
[Site "Novi Sad SRB"]
[Date "2016.11.06"]
[Round "1.8"]
[White "Daniil Dubov"]
[Black "Sasa Martinovic"]
[Result "1/2-1/2"]
[EventDate "2016.11.06"]
[WhiteElo "2648"]
[BlackElo "2560"]
[PlyCount "84"]

1. e4 e6 2. d4 d5 3. e5 c5 4. c3 Nc6 5. Nf3 Qb6 6. Na3 cxd4 7. cxd4 Bb4+ 8. Bd2 Bxa3 9. bxa3 Nxd4 10. Qa4+ Nc6 11. Bd3 Ne7 12. O-O Bd7 13. Qg4 Ng6 14. Rab1 Qc7 15. Rfe1 O-O 16. Qh5 Be8 17. Qh3 Bd7 18. Ng5 h6 19. Nxf7 Kxf7 20. Qh5 Ne7 21. Bb4 Kg8 22. Bxg6 Nxg6 23. Qxg6 Rf5 24. Rbc1 Qb6 25. Bc5 Qa5 26. Be3 Rxe5 27. Red1 Rf8 28. Bxh6 Rf7 29. Be3 Qxa3 30. h3 Bc6 31. Bc5 Qxa2 32. Ra1 Qe2 33. Bxa7 Qh5 34. Qd3 Qf5 35. Qc3 Re2 36. Qg3 Qf4 37. Qd3 Qe4 38. Qxe4 Rxe4 39. Re1 Rff4 40. Bb8 Rxe1+ 41. Rxe1 Re4 42. Rxe4 dxe4 1/2-1/2

[Event "Russian Team Blitz"]
[Site "Sochi RUS"]
[Date "2016.10.07"]
[Round "1.1"]
[White "Daniil Dubov"]
[Black "Saveliy Golubov"]
[Result "1-0"]
[EventDate "2016.10.07"]
[WhiteElo "2648"]
[BlackElo "2481"]
[PlyCount "207"]

1. c4 Nf6 2. Nc3 g6 3. g3 Bg7 4. Bg2 O-O 5. d4 d6 6. Nf3 Nc6 7. O-O Bd7 8. d5 Na5 9. b3 c6 10. dxc6 Nxc6 11. Bb2 a6 12. Qd2 Rc8 13. Rac1 Qa5 14. Rfd1 Rfd8 15. h3 Be6 16. Na4 Qxd2 17. Nxd2 Nd7 18. Bxg7 Kxg7 19. Nc3 Nb6 20. Nde4 f5 21. c5 Nd7 22. Ng5 Nxc5 23. Bxc6 bxc6 24. Na4 Bg8 25. Nxc5 dxc5 26. Rxd8 Rxd8 27. Nf3 Rd5 28. Kf1 e5 29. Ke1 e4 30. Nd2 Kf6 31. Nc4 Ke7 32. Ne3 Re5 33. Kd2 Kd6 34. h4 Re8 35. Kc3 Kc7 36. h5 a5 37. hxg6 hxg6 38. Rh1 a4 39. Rh6 axb3 40. axb3 Bf7 41. Rh7 Re7 42. g4 fxg4 43. Nxg4 Kd6 44. Rg7 Ke6 45. Nh6 Be8 46. Rg8 Kf6 47. Ng4+ Kf7 48. Rh8 Kg7 49. Rh1 Bf7 50. Ra1 Rb7 51. Ra3 Be6 52. Ne3 Rf7 53. Nd1 Rd7 54. Ne3 Rf7 55. Nd1 Rd7 56. Kc2 Kf6 57. Nc3 Ke5 58. Ra5 Bd5 59. Rxc5 Rf7 60. Nd1 Rb7 61. Ra5 Kd4 62. Ra4+ Ke5 63. b4 g5 64. Nc3 Rf7 65. Nd1 Bc4 66. Ra5+ Bd5 67. b5 cxb5 68. Rxb5 Kd6 69. Kd2 g4 70. Ke3 Ra7 71. Nc3 Bc6 72. Nxe4+ Kc7 73. Rc5 Ra3+ 74. Rc3 Ra2 75. Nf6 Kd6 76. Nxg4 Bd5 77. Rd3 Ke6 78. Rd2 Ra3+ 79. Kf4 Ra4+ 80. Kg3 Be4 81. f3 Bf5 82. Nf2 Ra8 83. e4 Bg6 84. Kf4 Ra5 85. Nh3 Rh5 86. Ng5+ Ke7 87. Rg2 Rh8 88. Ke3 Kf6 89. Kf4 Ra8 90. Nh3 Ra4 91. Nf2 Ra3 92. Ng4+ Ke6 93. Rb2 Ra6 94. Ne3 Bh5 95. Rb3 Bf7 96. Nd5 Ra1 97. Rb6+ Kd7 98. Ke5 Rf1 99. Rb7+ Ke8 100. f4 Re1 101. f5 Kf8 102. Kf6 Be8 103. Rh7 Kg8 104. Rh4 1-0

[Event "Russian Team Blitz"]
[Site "Sochi RUS"]
[Date "2016.10.07"]
[Round "2.1"]
[White "Alexander Moskalenko"]
[Black "Daniil Dubov"]
[Result "1/2-1/2"]
[EventDate "2016.10.07"]
[WhiteElo "2490"]
[BlackElo "2648"]
[PlyCount "106"]

1. e4 g6 2. d4 Bg7 3. Nf3 d6 4. Bc4 e6 5. Bb3 Ne7 6. a4 O-O 7. a5 c5 8. dxc5 dxc5 9. Qxd8 Rxd8 10. c3 Bd7 11. Be3 Na6 12. Nbd2 Bc6 13. Ke2 b5 14. axb6 axb6 15. Ba4 b5 16. Bc2 b4 17. Bd3 Bb7 18. Rhc1 Nc6 19. Nb3 Rdc8 20. Nxc5 Nxc5 21. Rxa8 Rxa8 22. Bxc5 Ra2 23. Rc2 bxc3 24. bxc3 Rxc2+ 25. Bxc2 Bxc3 26. Bd3 Bf6 27. h3 h6 28. Nd2 Nd4+ 29. Bxd4 Bxd4 30. Nb3 Bb6 31. Nd2 g5 32. Nc4 Bc7 33. Nd2 Kg7 34. Nf1 h5 35. Ne3 Kf6 36. Nc4 g4 37. hxg4 hxg4 38. g3 Kg5 39. Ne3 Bb6 40. Nc4 Bc7 41. Nd2 Bc6 42. Nc4 f5 43. exf5 exf5 44. Ne3 Bf3+ 45. Kf1 f4 46. gxf4+ Bxf4 47. Be2 Bxe3 48. Bxf3 gxf3 49. fxe3 Kf5 50. Kf2 Ke4 51. Kf1 Kxe3 52. Ke1 f2+ 53. Kf1 Kf3 1/2-1/2

[Event "Russian Team Blitz"]
[Site "Sochi RUS"]
[Date "2016.10.07"]
[Round "3.1"]
[White "Daniil Dubov"]
[Black "Boris Savchenko"]
[Result "1/2-1/2"]
[EventDate "2016.10.07"]
[WhiteElo "2648"]
[BlackElo "2613"]
[PlyCount "102"]

1. d4 Nf6 2. c4 e5 3. dxe5 Ng4 4. e3 Nxe5 5. Nh3 Ng6 6. Nc3 Nc6 7. Be2 b6 8. Nf4 Nxf4 9. exf4 Bb4 10. Bd2 Bb7 11. Nd5 Bxd2+ 12. Qxd2 O-O 13. O-O Ne7 14. Bf3 Nxd5 15. cxd5 c5 16. dxc6 dxc6 17. Qc3 Qc7 18. b4 Rac8 19. Rac1 Qxf4 20. Qa3 a6 21. g3 Qf6 22. Bg2 Rfe8 23. Rfd1 g6 24. Qf3 Qxf3 25. Bxf3 Rc7 26. a4 Kf8 27. h4 Re5 28. Rd8+ Ke7 29. Rb8 b5 30. a5 h5 31. Kg2 Re6 32. Rc5 Rd6 33. Re5+ Kf6 34. Rc5 Rd4 35. Rxb7 Rxb7 36. Rxc6+ Kg7 37. Rxa6 Rb8 38. Ra7 Rxb4 39. Bd5 Rf8 40. Rb7 Ra4 41. Rxb5 Rd8 42. Bb3 Ra3 43. Rb7 Rf8 44. Rb5 Kg8 45. Bd5 Rd8 46. Rc5 Rd7 47. Bc4 Ra1 48. a6 Ra7 49. Rd5 Ra4 50. Be2 Kg7 51. Rc5 R4xa6 1/2-1/2